000 00807nam a2200217Ii 4500
003 JO-AjNU
008 230605s9999||||xx |||||||||||||| ||und||
017 _a1999/159
040 _aJO-AjNU
_bara
_erda
_cJO-AjNU
041 _aara
050 1 4 _aMT898 .Q3338 1999
100 3 _aقدوري، حسين,
_eauthor
_952613
245 0 0 _aالتربية الموسيقية للاطفال: مرحلة الدراسة الابتدائية
250 _aط1
264 3 1 _aبغداد: دار الشؤون الثقافية العامة، 1999
300 _a210ص
336 _atext
_btxt
_2rdacontent
337 _aunmediated
_bn
_2rdamedia
338 _avolume
_bnc
_2rdacarrier
650 4 _aالموسيقى - دراسة وتعليم - الموسيقى والاطفال - التعليم الابتدائي
_952614
999 _aA23317
_c26885
_d26885